000 00615nam a2200205Ii 4500
003 JO-AjNU
008 230605s9999||||xx |||||||||||||| ||und||
040 _aJO-AjNU
_bara
_erda
_cJO-AjNU
041 _aara
050 1 4 _aPJ7846.A795.A17 1979
100 3 _aتأليف مردم بك،عدنان,
_eauthor
_918200
245 0 0 _aنفحات شامية (شعر)
250 _aط1
264 3 1 _aبيروت:مؤسسة الرسالة،1979
300 _a199ص
336 _atext
_btxt
_2rdacontent
337 _aunmediated
_bn
_2rdamedia
338 _avolume
_bnc
_2rdacarrier
650 4 _aالشعر العربي
_918201
999 _aA5775
_c9343
_d9343